| 000 | 00351nam a22001577a 4500 | ||
|---|---|---|---|
| 003 | SGT | ||
| 020 | _a978-93-5316-069-2 | ||
| 082 |
_a615 _bB18K |
||
| 100 | _aKATZUNG,BERTRAM.G. | ||
| 245 | _aBASIC & CLINICAL PHARMACOLOGY | ||
| 250 | _a14TH | ||
| 260 |
_aCHENNAI _bMC GRAW HILL PUB _c2018 |
||
| 300 | _a1250 | ||
| 650 | _aPHARMACY | ||
| 942 |
_2ddc _cBK |
||
| 999 |
_c16087 _d16087 |
||